LEGO Series 17 Minifigures by Picture - Statistics

General Stats
  • This quiz has been taken 9 times
  • The average score is 12 of 16
Answer Stats
Picture Answer % Correct
Connoisseur
100%
Corn Cob Guy
100%
Gourmet Chef
100%
Pro Surfer
100%
Rocket Boy
100%
Strongman
100%
Elf Maiden
83%
Butterfly Girl
67%
Highwayman
67%
Retro Space Hero
67%
Veterinarian
67%
Battle Dwarf
50%
Hot Dog Vendor
50%
Roman Gladiator
50%
Dance Instructor
33%
Yuppie
33%
No matching quizzes found
Score Distribution
Percent of People with Each Score
Percentile by Number Answered
Your Score History
You have not taken this quiz